MARC details
| 000 -LEADER |
| fixed length control field |
02579cad a22003375a 4500 |
| 001 - CONTROL NUMBER |
| control field |
L144961 |
| 008 - FIXED-LENGTH DATA ELEMENTS--GENERAL INFORMATION |
| fixed length control field |
080827e20080731xxk f v 000 0 eng d |
| 035 ## - SYSTEM CONTROL NUMBER |
| System control number |
(Sirsi) u144961 |
| 041 0# - LANGUAGE CODE |
| Language code of text/sound track or separate title |
eng |
| 245 00 - TITLE STATEMENT |
| Title |
SOS Environment, Food & Rural Affairs v Meier & Ors |
| Medium |
[electronic resource] |
| 260 ## - PUBLICATION, DISTRIBUTION, ETC. |
| Date of publication, distribution, etc. |
2008 |
| 520 ## - SUMMARY, ETC. |
| Summary, etc. |
[2008] EWCA Civ 903, 31 July 2008. If a landowner seeking a possession order in respect of threatened trespass was able to establish a real danger of occupation, the court was not bound to grant the order. It was found, however, that the court should only refuse such an order in exceptional circumstances. Appellant (SoS) appealed against the decision to grant a possession order against respondent travellers (M). M had previously occupied Forestry Commission land illegally. SoS sought a possession order for the current site; possession orders for roughly 25 sites that it feared M might move to and and injunction against M entering these sites. The recorder had granted the first application, but not the second or third. Held: appeal allowed. The first issue was proving a real danger of occupation; or whether the court had a general discretion to grant orders. The court was found to have discretion and the recorder who had not granted the second and third applications was found to be wrong. The extended possession order and the injunction sought complemented each other and there was no reason not to grant them on the same facts as the granting of the possession order for the current site. The order to grant an injunction against M was discretionary but necessary to uphold the rule of law against a threatened invasion. |
| 590 ## - LOCAL NOTE (RLIN) |
| Local note |
KA |
| 650 24 - SUBJECT ADDED ENTRY--TOPICAL TERM |
| Topical term or geographic name entry element |
DRURY V SECRETARY OF STATE |
| 650 24 - SUBJECT ADDED ENTRY--TOPICAL TERM |
| Topical term or geographic name entry element |
FORESTRY ACT 1967 S46(1) |
| 650 24 - SUBJECT ADDED ENTRY--TOPICAL TERM |
| Topical term or geographic name entry element |
KANSSEN V SECRETARY OF STATE FOR THE ENVIRONMENT, FOOD AND RURAL AFFAIRS |
| 650 24 - SUBJECT ADDED ENTRY--TOPICAL TERM |
| Topical term or geographic name entry element |
PRESIDENT OF SOUTH AFRICA V MODDERKLIP BOERDERY (PTY) LTD |
| 650 ## - SUBJECT ADDED ENTRY--TOPICAL TERM |
| Topical term or geographic name entry element |
R (GODMANCHESTER TOWN COUNCIL) V SECRETARY OF STATE |
| 650 24 - SUBJECT ADDED ENTRY--TOPICAL TERM |
| Topical term or geographic name entry element |
KAY V LAMBETH LBC |
| 650 24 - SUBJECT ADDED ENTRY--TOPICAL TERM |
| Topical term or geographic name entry element |
MCPHAIL V PERSONS NAMES UNKNOWN |
| 650 24 - SUBJECT ADDED ENTRY--TOPICAL TERM |
| Topical term or geographic name entry element |
PATEL V WH SMITH (EZIOT) LTD |
| 650 24 - SUBJECT ADDED ENTRY--TOPICAL TERM |
| Topical term or geographic name entry element |
SOS ENVIRONMENT, FOOD & RURAL AFFAIRS V MEIER & ORS |
| 650 24 - SUBJECT ADDED ENTRY--TOPICAL TERM |
| Topical term or geographic name entry element |
BEHRENS V RICHARDS |
| 650 24 - SUBJECT ADDED ENTRY--TOPICAL TERM |
| Topical term or geographic name entry element |
BIRMINGHAM CITY COUNCIL V DOHERTY |
| 650 24 - SUBJECT ADDED ENTRY--TOPICAL TERM |
| Topical term or geographic name entry element |
SOUTH BUCKINGHAMSHIRE DC V PORTER |
| 650 24 - SUBJECT ADDED ENTRY--TOPICAL TERM |
| Topical term or geographic name entry element |
WANDSWORTH LBC V WINDER |
| 651 #4 - SUBJECT ADDED ENTRY--GEOGRAPHIC NAME |
| Geographic name |
England and Wales |
| Chronological subdivision |
1543- |
| 690 ## - LOCAL SUBJECT ADDED ENTRY--TOPICAL TERM (OCLC, RLIN) |
| Topical term or geographic name as entry element |
Landlord and tenant |
| 9 (RLIN) |
6252 |
| 856 40 - ELECTRONIC LOCATION AND ACCESS |
| Uniform Resource Identifier |
<a href="https://www.bailii.org/ew/cases/EWCA/Civ/2008/903.html">https://www.bailii.org/ew/cases/EWCA/Civ/2008/903.html</a> |
| Public note |
View the case free of charge online at www.bailii.org... |
| 942 ## - ADDED ENTRY ELEMENTS (KOHA) |
| Suppress in OPAC |
0 |